00338 a2200109 4500001001000000005001700010008004100027245004900068100002100117700001900138773007100157ART_4374520260410162025.0260409a 10aAre affirmative action hires less qualified?1 aHolzer, Harry J.1 aNeumark, David0 tJournal of labor economicsg- Vol. 17, NÂș 3 (jul. 1999)wREV43438